000 00273nam a2200109Ia 4500
008 200302s9999 xx 000 0 und d
100 _aVon Jurgen Joedicke
245 _aBuro-and Verwaltungsbauten
260 _bKarl Kramer Verlag Stuttgart
260 _c1975
300 _a109 P.,
999 _c168
_d168